Регионална библиотека "Любен Каравелов" - Русе

Имена от света на поп и рок музиката (Запис номер 489143)

MARC детайли
000 -Лидер
Контролно поле с фиксирана дължина nam a22 a 4500
003 - Код на организацията, давaща контролен номер
Контролно поле BLK
005 - Дата и час на последна редакция
Контролно поле 20230317110139.0
008 - Елементи от данни с фиксирана дължина
fixed length control field 180408b bul|||||r ||||||| ||bul||
010 ## - Наследен системен номер
LC control number KNG00090838000
020 ## - Международен стандартен номер на книга ISBN
Международен стандартен номер на книга ISBN 978-619-7456-52-1
040 ## - Източник на каталожния запис
Идентификатор на билиотеката - собственик на записа BLK
041 ## - Код за език
Код за езика на текст/звукозапис или на отделно заглавие Български
Код за езика КДБФ Български
072 ## - Код за тематичната категория
9 (RLIN) 178296
Код за тематична категория РА
Текст Русенски автори
080 ## - УДК
Текстов определител УДК Други видове песни. - Естрада, джаз. Стари градски. Рок-и попмузика. Чалга(поп-фолк)
УДК код - определител по УДК 784.7
УДК определител (091)(031)
УДК - код + определител 784.7(091)(031)
100 ## - Редна дума - Автор
Автор Маджаров, Стоян Николов
Авторска отговорност първи автор
R(LIN) 295682
139 ## - Редно поле
Редна дума Маджаров, Стоян Николов
Авторски знак Мад - М 14
245 10 - Сведения за заглавието
Заглавие Имена от света на поп и рок музиката
Редно поле (дума) Стоян Маджаров.
257 ## - Страна на издаване
Страна на създаване/издаване България
260 ## - Област на издателските данни
Място на издаване, разпространение и проч. Русе
Име на издателя, разпространителя и проч. Дема прес
Година на издаване 2022
9 (RLIN) 390643
300 ## - Физическа характеристика
Страници 330 с.
Илюстрации и др. със сн.
Размери/Мащаб 23 см
380 ## - Жанр
Жанр Изкуство
650 #4 - Допълнително описание по предмет – тема
Основно описание – тема или топоним Рокмузика - история
9 (RLIN) 243582
653 ## - Ключова дума – ненормативна
Ключова дума рокмузика
653 #7 - Ключова дума – ненормативна
Ключова дума попмузика
9 (RLIN) 194183
653 ## - Ключова дума – ненормативна
Ключова дума история на музиката
856 4# - Електронен адрес и достъп
Електронен формат pdf - файл
Инструкция (цена за достъп) 0.00
Права за достъп disable
856 4# - Електронен адрес и достъп
Електронен формат pdf - файл
Инструкция (цена за достъп) 0.00
Права за достъп disable
999 ## - СИСТЕМНИ КОНТРОЛНИ НОМЕРА
Koha biblionumber 489143
Koha biblioitemnumber 489143
942 ## - АРТИКУЛИ
Вид на библиотечния материал Книги
Скрит в OPAC Не
Периодичен библиозапис Да
944 ## - СЪЗДАВАНЕ И РЕДАКЦИЯ на ЗАПИСА
Дата на регистрацията/редакция 2023-03-17
Статус, дата на статуса 2023-03-17
Служител, извършил регистрацията/редакцията ТД
Наличности
Код за отписване Код за изгубен артикул Източник на класификационната схема Код за повреда Коз за рестрикции Код за отдаване Артикулен № Име на библиотеката - собственик Име на библиотеката, в която се намира в момента Статус (Текущо местоположение) Дата на вписване в системата Местоположение - отдел Цена в лева Инвентарен номер Систематично азбучна сигнатура Баркод Цена в евро Служебен тип на артикула
  Не е изгубен Universal Decimal Classification Не е повреден само за читалня ползва се в читалня 925311 Регионална библиотека "Любен Каравелов" Русе Регионална библиотека "Любен Каравелов" Русе Хранилище 2023-03-28 Основен фонд - ползва се само за читалня 20.00 120000884547 Цб 317068 120000884547 10.23 Книги
  Не е изгубен Universal Decimal Classification Не е повреден само за читалня ползва се в читалня 925312 Регионална библиотека "Любен Каравелов" Русе Регионална библиотека "Любен Каравелов" Русе Изкуство - справочен фонд 2023-03-28 Изкуство - справочен фонд 20.00 120000884546 СИ 784.7/М 14 С 120000884546 10.23 Книги
Vip Innovations Ltd, Rousse, Bulgaria 2025